1033 1339 1032 1366 1557 1981 1939 1822 1353 1642 1662 1886 1021 1415 1317 1307 1704 1184 1978 1303 1599 1212 1956 1979 1115 1718 1480 1053 1496 1369 1489 1164 1323 1929 1899 1836 1516 1035 1082 1781 1635 1977 1102 1617 1498 1412 1664 1178 1925 1288 1338 1321 1173 1326 1372 1454 1606 1122 1460 1307 1726 1944 1295 1376 1229 1042 1789 1422 1721 1217 1856 1099 1102 1170 1961 1519 1196 1075 1585 1710 1116 1381 1115 1867 1552 1929 1756 1869 1249 1419 1516 1897 1400 1202 1423 1799 1664 1444 1983 BCNSPRNW ULIB Ver.6.0+V

เปลี่ยนเป็นภาษาไทย

Change to English
 แสดงรายละเอียดบรรณานุกรม
  กลับหน้าหลัก

Brief Record : Get Marc (ISO 2709) : E-mail record : QR code < ปิดหน้าต่าง
LEADER : 00000nam 2200000uu 4500
001    13399126262
003     ULIB
008    180827s2560||||th 000 0 tha d
020    ^a9786164455221
060    ^aWS320^bก23ป
100    ^aกาญจนา ตั้งนรารัชชกิจ, บรรณาธิการ
245    ^aปัญหาสารน้ำอิเล็กโทรไลต์และโรคไตในเด็ก/^bกาญจนา ตั้งนรารัชชกิจ, บรรณาธิการ
250    ^aพิมพ์ครั้งที่ 5
260    ^aกรุงเทพฯ :^bเนติกุลการพิมพ์,^c2560
300    ^a628 หน้า
650    ^aไต, โรค--ในวัยทารกและวัยเด็ก
650  0 ^aสารน้ำในร่างกาย
650  0 ^aน้ำ--อิเล็กโทรไลต์ไม่สมดุล--ในวัยทารกและวัยเด็ก
945    ^p880^l0^i004432
945    ^p880^l0^i004430
945    ^p880^l0^i004431
999    ^aประนอม เกษจรัล
รายการนี้ยังไม่มีแท็ก
คุณยังไม่ได้ล็อกอิน คุณสามารถมีกิจกรรมร่วมกับเว็บไซต์ได้ แต่ต้องล็อกอินก่อน ::
  ล็อกอิน

รายการสื่อสารสนเทศ

ลำดับที่ ประเภท เลขเรียก/บาร์โค้ด สถานที่ สถานะ
1. วิทยาศาสตร์การแพทย์ และสุขภาพ
หนังสือสำรอง
สถานะ=หนังสือสำรอง
WS320 ก23ป ฉ.1 
  Barcode: 004430
ห้องสมุดวิทยาเขตสวรรค์ประชารักษ์
►หนังสือทั่วไป
บนชั้น
2. วิทยาศาสตร์การแพทย์ และสุขภาพ
วิทยาศาสตร์การแพทย์ และสุขภาพ
WS320 ก23ป ฉ.2 
  Barcode: 004431
ห้องสมุดวิทยาเขตสวรรค์ประชารักษ์
►หนังสือทั่วไป
บนชั้น
3. วิทยาศาสตร์การแพทย์ และสุขภาพ
วิทยาศาสตร์การแพทย์ และสุขภาพ
WS320 ก23ป ฉ.3 
  Barcode: 004432
ห้องสมุดวิทยาเขตสวรรค์ประชารักษ์
►หนังสือทั่วไป
บนชั้น

รายการใกล้เคียง
    ผู้แต่ง [กาญจนา ตั้งนรารัชชกิจ, บรรณาธิการ]

    หัวเรื่อง [ไต, โรค--ในวัยทารกและวัยเด็ก]
    หัวเรื่อง [สารน้ำในร่างกาย]
    หัวเรื่อง [น้ำ--อิเล็กโทรไลต์ไม่สมดุล--ในวัยทารกและวัยเด็ก]

BibComment


ยังไม่เคยถูกคอมเมนท์

คอมเมนท์ทรัพยากรรายการนี้
  คอมเมนท์: ปัญหาสารน้ำอิเล็..


 Copyright 2026. Bcnsprnw @Library